|
|
|
|
| LEADER |
02273nam a2200589 a 4500 |
| 001 |
nkc20102106057 |
| 003 |
CZ PrNK |
| 005 |
20120521110404.0 |
| 007 |
ta |
| 008 |
100614s2010 xr ach e 001 0bcze |
| 015 |
|
|
|a cnb002106057
|
| 020 |
|
|
|a 978-80-7363-259-5
|q (váz.) :
|c Kč 298,00
|
| 035 |
|
|
|a (OCoLC)649802417
|
| 040 |
|
|
|a ABA001
|b cze
|
| 043 |
|
|
|a e-cs---
|
| 045 |
|
|
|a x5x7
|
| 072 |
|
7 |
|a 343
|x Trestní právo
|2 Konspekt
|9 16
|
| 072 |
|
7 |
|a 929
|x Biografie
|2 Konspekt
|9 8
|
| 080 |
|
|
|a 343.163-055.2
|2 MRF
|
| 080 |
|
|
|a 347.962-055.2
|2 MRF
|
| 080 |
|
|
|a 929
|2 MRF
|
| 080 |
|
|
|a 343.1:32
|2 MRF
|
| 080 |
|
|
|a 323.28:329.15
|2 MRF
|
| 080 |
|
|
|a (437)
|2 MRF
|
| 080 |
|
|
|a (092)
|2 MRF
|
| 100 |
1 |
|
|a Zídek, Petr,
|d 1971-
|7 js20021118005
|4 aut
|
| 245 |
1 |
0 |
|a Příběh herečky :
|b dělnická prokurátorka Ludmila Brožová a její svět /
|c Petr Zídek
|
| 246 |
3 |
0 |
|a Dělnická prokurátorka Ludmila Brožová a její svět
|
| 250 |
|
|
|a 1. vyd.
|
| 260 |
|
|
|a Praha :
|b Dokořán,
|c 2010
|
| 300 |
|
|
|a 263 s. :
|b il., portréty, faksim. ;
|c 21 cm
|
| 504 |
|
|
|a Obsahuje bibliografii, bibliografické odkazy a rejstřík
|
| 600 |
1 |
7 |
|a Brožová-Polednová, Ludmila,
|d 1921-2015
|7 xx0118209
|2 czenas
|
| 648 |
|
4 |
|a 1950-1979
|
| 648 |
|
7 |
|a 1948-1989
|7 ch460661
|2 czenas
|
| 648 |
|
4 |
|a 1921-2009
|
| 650 |
0 |
7 |
|a státní zástupkyně
|7 ph582078
|z Československo
|2 czenas
|
| 650 |
0 |
7 |
|a soudkyně
|7 ph290564
|z Československo
|2 czenas
|
| 650 |
0 |
7 |
|a politické soudní procesy
|7 ph124252
|z Československo
|y 1948-1989
|2 czenas
|
| 650 |
0 |
7 |
|a zločiny komunismu
|7 ph139150
|z Československo
|y 1948-1989
|2 czenas
|
| 650 |
0 |
9 |
|a women public prosecutors
|z Czechoslovakia
|2 eczenas
|
| 650 |
0 |
9 |
|a women judges
|z Czechoslovakia
|2 eczenas
|
| 650 |
0 |
9 |
|a political trials
|z Czechoslovakia
|y 1948-1989
|2 eczenas
|
| 650 |
0 |
9 |
|a crimes of communism
|z Czechoslovakia
|y 1948-1989
|2 eczenas
|
| 655 |
|
7 |
|a biografie
|7 fd131909
|2 czenas
|
| 655 |
|
9 |
|a biography
|2 eczenas
|
| 856 |
4 |
1 |
|u http://www.digitalniknihovna.cz/mzk/uuid/uuid:44c0e650-489f-11e4-aded-005056827e51
|y Digitalizovaný dokument
|x NDK
|
| 910 |
2 |
|
|a BOA001
|b 2-1241.758
|
| 990 |
|
|
|a BK
|
| 995 |
|
|
|a 01
|
| 991 |
|
|
|b 201006
|c NOV
|
| 996 |
6 |
|
|b 2610439065
|c 2-1241.758
|l MZK
|r Sklad / do 1 hodiny
|n 7
|p p.v.
|w 001126221
|u 000010
|a 1
|e BOA001
|j MZK50
|s P
|